Security protocols. 6th international workshop : Proceedings. Cambridge, UK. 15.- 17. Apr. 1998

Na minha lista:
Detalhes bibliográficos
Outros Autores: Christianson, Bruce (Compiler), Crispo, Bruno (Compiler), Harbison, William S. (Compiler), Roe, Michael (Compiler)
Formato: Livro
Idioma:inglês
Publicado em: Berlin : Springer Verlag, 1999
Colecção:Lecture Notes in Computer Science
Assuntos:
Tags: Adicionar Tag
Sem tags, seja o primeiro a adicionar uma tag!

MARC

LEADER 00000nam a22000003a 4500
001 stu58211
005 20150617225653.9
008 010614s1999----gw------------------eng-d
020 |a 3-540-65663-4 
040 |a STU  |b slo 
041 0 |a eng 
044 |a gw 
080 |a 681.32.01.004.4 
080 |a 519.72 
080 |a 061.3(08) 
084 |a C0230  |2 INS 
084 |a C6130S  |2 INS 
084 |a D1060  |2 INS 
100 1 |a Christianson, Bruce  |4 com 
245 1 |a Security protocols. 6th international workshop :  |b Proceedings. Cambridge, UK. 15.- 17. Apr. 1998 
260 |a Berlin :  |b Springer Verlag,  |c 1999 
300 |a 239 s 
650 7 |a komunikačné protokoly  |2 stusub 
650 7 |a ochrana dát  |2 stusub 
650 7 |a zabezpečenie dát  |2 stusub 
700 1 |a Crispo, Bruno  |4 com 
700 1 |a Harbison, William S.  |4 com 
700 1 |a Roe, Michael  |4 com 
830 0 |a Lecture Notes in Computer Science 
996 |b 284EK83951  |c E*83951  |l EE22  |s P  |a 0  |w stu58211_0001